| 000 | 00517nab a2200145Ia 4500 | ||
|---|---|---|---|
| 003 | ES-SlBCS | ||
| 005 | 20210601133733.0 | ||
| 008 | 140529s1997 xxu||||| |||| 00| 0 por d | ||
| 041 | _apor | ||
| 100 | 1 |
_aVerissimo, Mara Rúbia Alves Marques _9208949 |
|
| 245 | 0 | 0 |
_aPós-modernidade e iluminismo: critica à sociologia modernista _c Mara Rúbia Alves Marques Verissimo |
| 650 | 0 | 4 |
_aPosmodernidad-Iluminismo _9208950 |
| 773 | 0 |
_tEducaçao e Filosofia _gvol. 11, nº. 21-22, 1997, págs. 163-180 _wRev1534 |
|
| 942 | _cAR | ||
| 999 |
_c601310 _d601310 |
||